Römische Villen in Nordafrika : Untersuchungen zu Architektur und Wirtschaftsweise /
محفوظ في:
المؤلف الرئيسي:
التنسيق: كتاب
اللغة: German
منشور في:
Oxford :
Archaeopress,
2009.
سلاسل:
BAR International Series ;
2012.
الموضوعات:
الوسوم: إضافة وسم
لا توجد وسوم, كن أول من يضع وسما على هذه التسجيلة!
رقم الطلب: DT170 .R56 2009
| LEADER | 00965nam a22002897a 4500 | ||
|---|---|---|---|
| 003 | OSt | ||
| 005 | 20260420160915.0 | ||
| 008 | 260420t2009 enkab b 000 0 ger d | ||
| 010 | |a 2009529364 | ||
| 020 | |a 1407305883 | ||
| 020 | |a 9781407305882 | ||
| 040 | |c ARCE Library | ||
| 043 | |a ff----- | ||
| 050 | 1 | 4 | |a DT170 |b .R56 2009 |
| 100 | 1 | |a Rind, Mareike, |e author |9 38497 | |
| 245 | 1 | 0 | |a Römische Villen in Nordafrika : |b Untersuchungen zu Architektur und Wirtschaftsweise / |c Mareike Rind. |
| 264 | 1 | |a Oxford : |b Archaeopress, |c 2009. | |
| 300 | |a 133 pages : |b illustrations, maps ; |c 30 cm. | ||
| 490 | 1 | |a BAR International Series ; |v 2012. | |
| 504 | |a Includes bibliographical references. | ||
| 650 | 0 | |a Architecture, Roman |z Africa, North. | |
| 650 | 0 | |a Excavations (Archaeology) |z Africa, North. | |
| 651 | 0 | |a Africa, North |x Antiquities, Roman. | |
| 830 | 0 | |a BAR International Series ; |v 2012. | |
| 901 | |a reviewed | ||
| 942 | |c BK |2 lcc | ||
| 999 | |c 23105 |d 23105 | ||
